LEADER 03017nam 2200529 450 001 9910554223603321 005 20220711220103.0 010 $a0-674-27028-2 010 $a0-674-27027-4 024 7 $a10.4159/9780674270275 035 $a(CKB)4950000000281786 035 $a(MiAaPQ)EBC6785069 035 $a(Au-PeEL)EBL6785069 035 $a(OCoLC)1281988741 035 $a(DE-B1597)590551 035 $a(DE-B1597)9780674270275 035 $a(EXLCZ)994950000000281786 100 $a20220711d2021 uy 0 101 0 $aeng 135 $auraz#---auuuu 181 $ctxt$2rdacontent 182 $cc$2rdamedia 183 $acr$2rdacarrier 200 14$aThe genesis of technoscientific revolutions $erethinking the nature and nurture of research /$fVenkatesh Narayanamurti and Jeffrey Y. Tsao 210 1$aCambridge, Massachusetts ;$aLondon, England :$cHarvard University Press,$d[2021] 210 4$dİ2021 215 $a1 online resource 311 $a0-674-25185-7 320 $aIncludes bibliographical references and index. 327 $aThe technoscientific method - science, technology and their co-evolution: The repositories of technoscientific knowledge: S and T -- The growth of technoscientific knowledge: S? and T? -- Cycles of S? and T?: the transistor and the maser/laser -- Recapitulation -- The intricate dance of question-and-answer finding: Networks of questions and answers: Q and A -- Finding new questions and answers: Q? and A? -- Cycles of Q? and A?: special relativity and the iPhone -- Recapitulation -- The punctuated equilibria of knowledge evolution - surprise and consolidation: Paradigms as mediators of surprise and consolidation -- Surprise spawns consolidation spawns surprise -- Cycles of surprise and consolidation: artificial lighting -- Recapitulation -- Guiding principles for nurturing research: Align organization, funding, and governance for research -- Embrace a culture of holistic technoscientific exploration -- Nurture people with care and accountability -- Recapitulation. 330 $a"Scientific progress doesn't always precede engineering advances; it often follows. Answering questions isn't always the goal; finding questions often is. Sometimes we seek to strengthen conventional wisdom; sometimes to surprise it. What if we could rethink nurturing research, through policy and management, to harmonize with the nature of research?"--$cProvided by publisher. 606 $aResearch$xManagement 606 $aResearch$xMethodology 606 $aTechnology$xResearch$xMethodology 615 0$aResearch$xManagement. 615 0$aResearch$xMethodology. 615 0$aTechnology$xResearch$xMethodology. 676 $a001.4068 700 $aNarayanamurti$b Venkatesh$f1939-$01218949 702 $aTsao$b Jeffrey Y. 801 0$bMiAaPQ 801 1$bMiAaPQ 801 2$bMiAaPQ 906 $aBOOK 912 $a9910554223603321 996 $aThe genesis of technoscientific revolutions$92818792 997 $aUNINA LEADER 02006nam 22004813 450 001 9910158742303321 005 20231110213628.0 010 $a2-336-37606-7 035 $a(CKB)3810000000045743 035 $a(MiAaPQ)EBC6150859 035 $a(Au-PeEL)EBL6150859 035 $a(OCoLC)1148867241 035 $a(BIP)75563019 035 $a(EXLCZ)993810000000045743 100 $a20210901d2015 uy 0 101 0 $afre 135 $aurcnu|||||||| 181 $ctxt$2rdacontent 182 $cc$2rdamedia 183 $acr$2rdacarrier 200 10$aLangue, Espace et (re)composition Identitaire $eDans les Oeuvres de Mehdi Charef, Tony Gatlif et Farid Boudjellal 210 1$aParis :$cEditions L'Harmattan,$d2015. 210 4$dİ2015. 215 $a1 online resource (246 pages) 225 1 $aApproches Litte?raires 311 08$a2-343-05413-4 330 $aL'auteure s'inte?resse a? la proble?matique de la (re)construction identitaire a? travers une analyse critique de l'e?volution des oeuvres litte?raires et cine?matographiques beures de trois artistes d'origine franco-maghre?bine. Elle montre l'impact que ces artistes ont eu sur les productions culturelles canoniques franc?aises et francophones a? travers les anne?es, mettant en e?vidence l'ide?e que l'identite? franc?aise telle qu'on l'a connue au long des sie?cles a subi des transformations radicales. 410 0$aApproches Litte?raires 517 $aLangue, espace et 606 $aART / Film & Video$2bisacsh 606 $aCOMICS & GRAPHIC NOVELS / General$2bisacsh 606 $aLITERARY CRITICISM / General$2bisacsh 615 7$aART / Film & Video 615 7$aCOMICS & GRAPHIC NOVELS / General 615 7$aLITERARY CRITICISM / General 700 $aMielusel$b Ramona$01067696 801 0$bMiAaPQ 801 1$bMiAaPQ 801 2$bMiAaPQ 906 $aBOOK 912 $a9910158742303321 996 $aLangue, Espace et (re)composition Identitaire$92891805 997 $aUNINA